000 00361nam a22001457a 4500
003 OSt
008 210223b ||||| |||| 00| 0 eng d
020 _a9788194472001
100 _aGANDHI, M.K.
245 _aThe Story of My Experiments with Truth
260 _aNew Delhi
_bSeekosity Books
_c2020
300 _a482
650 _aGeneral Books
942 _2ddc
_cBK
999 _c10515
_d10515